000 01016nam a2200241 i 4500
001 59682
003 ES-MaACL
005 20250401175331.0
007 t|
008 031030s1952 sp ||||1| spa d
100 1 _aEppinger, Hans.
_947326
245 1 0 _aPatología de la permeabilidad como teoría del comienzo de enfermedad /
_cpor Hans Eppinger ; versión española por José Mª Plá Janini.
260 _aBarcelona :
_b[s.n.,
_c1952] (
_fTalls. Gráfs. Iberoamericanos)
300 _aXV, 696 p. :
_bil. ;
_c25 cm.
510 _aCCPB,
_c001327532-1
650 4 _912595
_aEtiología médica
700 1 _aPla Janini, José María.
_992495
852 _aES-MaACL
_jD-6416
_bR.32523
_bR.M. 6011
_961953
_cSVI
_fSello en tinta azul de la Biblioteca del Ateneo de Madrid
_xEncuadernación en tela marrón
942 _2udc
_cMONOGRAFIA
999 _c59682
_d59682